UE Les réfugiés ukrainiens en Europe en 2023 - Statistiques

Statistiques générales
  • Ce quiz a été pris 28 fois
  • Le résultat moyen est 14 sur 27
Statistiques - réponses
Nombre de réfugiés Population du pays % d'Ukrainiens Pays Rang % Correct
881 399 83 839 797 1.0512 Allemagne 10
79%
1 163 386 37 892 805 3.0702 Pologne 3
79%
118 994 66 257 274 0.1795 France 27
71%
169 837 60 659 452 0.2799 Italie 25
67%
489 158 10 725 570 4.5606 Tchéquie 1
67%
167 726 46 400 824 0.3614 Espagne 23
63%
43 057 1 312 165 3.2813 Estonie 2
58%
45 687 1 817 517 2.5137 Lettonie 5
58%
74 611 2 584 635 2.8867 Lituanie 4
58%
67 564 11 841 986 0.5705 Belgique 17
54%
153 059 6 799 496 2.2510 Bulgarie 6
54%
109 623 5 472 203 2.0032 Slovaquie 7
54%
89 730 17 330 655 0.5177 Pays-Bas 18
50%
115 047 18 760 627 0.6132 Roumanie 15
50%
37 687 5 869 612 0.6420 Danemark 14
46%
34 248 9 561 912 0.3581 Hongrie 24
46%
58 043 10 048 412 0.5776 Portugal 16
46%
8 707 2 089 665 0.4166 Slovénie 21
46%
50 740 10 369 690 0.4893 Suède 20
46%
93 579 9 097 036 1.0286 Autriche 11
42%
20 796 4 065 406 0.5115 Croatie 19
42%
20 955 10 298 378 0.2034 Grèce 26
42%
6 756 671 225 1.0065 Luxembourg 12
42%
49 726 5 635 888 0.8823 Finlande 13
38%
1 744 446 012 0.3910 Malte 22
38%
74 839 4 964 236 1.5075 Irlande 9
33%
21 359 1 246 100 1.7140 Chypre 8
29%
Aucun quiz correspondant
Distribution des résultats
% des personnes avec chaque résultat
Percentile par nombre de réponses
Votre historique - résultats
Vous n’avez pas pris ce quiz